| 000 | 00564nam a22002057a 4500 | ||
|---|---|---|---|
| 003 | OSt | ||
| 005 | 20140310181744.0 | ||
| 008 | 130529t xxu||||| |||| 00| 0 eng d | ||
| 020 | _a9716840462 | ||
| 050 |
_aQA 303 _b.R173 1981 |
||
| 082 |
_aFIL 515 _bR14 1981 |
||
| 245 |
_aEssential Calculus With Applications _cRamirez, Rosario A. |
||
| 260 |
_aEDSA, Greenhills, San Juan, M.M. _bAcademe Publishing House _cc1981 |
||
| 300 | _a379 p. | ||
| 521 | _acollege students | ||
| 526 | _c1210L-1700L | ||
| 541 | _j1 | ||
| 562 | _e1 | ||
| 942 |
_2lcc _cBK-FIL _kFIL |
||
| 999 |
_c2924 _d2924 |
||